LEADER 01078nam1 22003493i 450 001 VAN00304049 005 20260330013852.841 100 $a20260330f |0itac50 ba 101 $aeng 102 $aDE 105 $a|||| ||||| 181 $ai$b e 182 $an 183 $anc 200 1 $aGeometry$fM. Berger$gtranslated from the french by M. Cole and S. Levy 210 $aBerlin$cSpringer 215 $a2 volumi$cill.$d24 cm 463 \1$1001VAN00052483$12001 $a2 463 \1$1001VAN00052495$12001 $a1 500 1$3VAN00304051$aGéométrie$94557118 620 $dBerlin$3VANL000066 700 1$aBerger$bMarcel$3VANV041367$0440912 702 1$aCole$bMichael$3VANV016308$4730 702 1$aLevy$bSilvio$3VANV041370$4730 712 $aSpringer $3VANV108073$4650 790 1$aBerger, M.$zBerger, Marcel$3VANV260836 790 1$aCole, M.$zCole, Michael$3VANV260838 790 1$aLevy, S.$zLevy, Silvio$3VANV260839 801 $aIT$bSOL$c20260403$gRICA 912 $aVAN00304049 996 $aGéométrie$94557118 997 $aUNICAMPANIA